000 00512nam a2200145Ia 4500
008 151213s9999 xx 000 0 und d
100 _aমোহীত উল আলম।
245 _aমেীসুমের দূরে কাছে।
_cমোহীত উল আলম।
260 _aচট্টগ্রাম।
_bআহার প্রকাশনী।
_c1996
300 _a8832 p.
650 _aBangla
650 _aকবিতা
700 _aমোহীত উল আলম।
999 _c4617
_d4617